Statistics for Countries Producing the Most Almonds

Click here to take the quiz!

General Stats

  • This quiz has been taken 322 times
  • The average score is 14 of 20

Answer Stats

1000 tonnescountry% Correct
2003United States
97%
48China
93%
202Spain
88%
75Italy
87%
85Turkey
85%
29Greece
81%
148Iran
80%
9Portugal
77%
66Algeria
76%
113Morocco
75%
9Israel
70%
34Libya
69%
61Tunisia
68%
89Syria
67%
73Australia
63%
32Lebanon
63%
22Pakistan
58%
32Chile
47%
33Afghanistan
40%
27Uzbekistan
25%

Score Distribution

Percentile by Number Answered

Percent of People with Each Score

Your Score History

You have not taken this quiz